अध्यात्मः सामाजिक सन्दर्भ / (Record no. 28051)

MARC details
000 -LEADER
fixed length control field 01638nam a22003377a 4500
005 - DATE AND TIME OF LATEST TRANSACTION
control field 20090703112327.0
008 - FIXED-LENGTH DATA ELEMENTS--GENERAL INFORMATION
fixed length control field 090703t xxu||||| |||| 00| 0 hin d
010 ## - LCCN (DPL NO)
LC control number HIN-87172
020 ## - INTERNATIONAL STANDARD BOOK NUMBER
International Standard Book Number 9788190778817
Terms of availability 150.00
035 ## - SYSTEM CONTROL NUMBER
System control number HN-59518
037 ## - SOURCE OF ACQUISITION
Source of stock number/acquisition DBAD / PUB
040 ## - CATALOGING SOURCE
Original cataloging agency dpl
Language of cataloging hn
082 ## - DEWEY DECIMAL CLASSIFICATION NUMBER
Classification number 230.3
100 ## - MAIN ENTRY--PERSONAL NAME
Personal name मिश्रा, एस.के.
245 ## - TITLE STATEMENT
Title अध्यात्मः सामाजिक सन्दर्भ /
Remainder of title एस.के.मिश्रा; एल. उमाशंकर सिंह द्वारा संपादित
246 ## - VARYING FORM OF TITLE
Title proper/short title Adhyaatma: saamaajika sandarbha
Remainder of title by S.K. Mishra
250 ## - EDITION STATEMENT
Edition statement 2रा संस्क.
260 ## - PUBLICATION, DISTRIBUTION, ETC. (IMPRINT)
Place of publication, distribution, etc वाराणसी
Name of publisher, distributor, etc पुस्तक पथ
Date of publication, distribution, etc 2009
270 ## - ADDRESS
Address बी-32/32 ए-14 साकेत नगर,
City वाराणसी
Postal code 221005
Telephone number 09415256054, 09415270006
300 ## - PHYSICAL DESCRIPTION
Extent 144पृ..
Dimensions 22सेमी (सजिल्द)
650 ## - SUBJECT ADDED ENTRY--TOPICAL TERM
Topical term or geographic name as entry element हिन्दू धर्म
650 ## - SUBJECT ADDED ENTRY--TOPICAL TERM
Topical term or geographic name as entry element Hinduism
650 ## - SUBJECT ADDED ENTRY--TOPICAL TERM
Topical term or geographic name as entry element Spritualism
650 ## - SUBJECT ADDED ENTRY--TOPICAL TERM
Topical term or geographic name as entry element Spritualism
650 ## - SUBJECT ADDED ENTRY--TOPICAL TERM
Topical term or geographic name as entry element आध्यात्मवाद
650 ## - SUBJECT ADDED ENTRY--TOPICAL TERM
Topical term or geographic name as entry element Spritualism
700 ## - ADDED ENTRY--PERSONAL NAME
Personal name उमाशंकर सिंह, एल.
942 ## - ADDED ENTRY ELEMENTS (KOHA)
Source of classification or shelving scheme Dewey Decimal Classification
Item type Hindi Books
Call number suffix मिश्राए
Classification part 230.3
Holdings
Withdrawn status Lost status Source of classification or shelving scheme Damaged status Not for loan Home library Current library Date acquired Source of acquisition Cost, normal purchase price Total Checkouts Full call number Barcode Date last seen Copy number Cost, replacement price Koha item type
    Dewey Decimal Classification     Andrews Gunj Andrews Gunj 20/07/2009       230.3 मिश्राए   20/07/2009     Hindi Books
    Dewey Decimal Classification   Not For Loan D.B.Act.Division D.B.Act.Division 03/07/2009 DBAD /PUB 150.00   230.3 मिश्राए HN-59518 03/07/2009 1 150.00 Hindi Books

© Delhi Public Library
Hit Counter
free hit counter